000 00784nam a22002177a 4500
003 UA-OsUOA
001 123376
007 ta
008 20170613b un ||||| |||| 00| 0 ukr d
100 _aКульчицький С.
090 _a94(477)
_bК90
942 _cSA
040 _aUA-OsUOA
_bukr
_cUA-OsUOA
_dUA-OsUOA
245 _aЯк вожді більшовиків проривалися до влади. Які маніпуляції допомогли Леніну і Ко захопити влади в петрограді й на місцях
300 _aС.34-38
955 _a0
041 _aukr
080 _a94(477)
773 0 _w123373
_tУкраїнський тиждень
_dК.
_d2017
_g21
650 7 _a9 Географія. Біографії. Історія
_2UDC
999 _c410392
_d410392